| Поле | Инд. | ПП | Название | Значение |
|---|---|---|---|---|
| Тип записи | a | |||
| Библиографический уровень | b | |||
| 001 | Контрольный номер | 98d4e3b4d06b408baf187d2968660643 | ||
| 005 | Дата корректировки | 20220422121816.6 | ||
| 024 | 80 | a | Стандартный номер | DOI: 10.1103/PhysRevD.65.104029 |
| 040 | a | Служба первич. каталог. | Web of Science | |
| 041 | 0_ | a | Код языка текста | eng |
| 084 | a | Индекс другой классификации/Индекс ББК | 22.382 | |
| 097 | a | Костяева О.Г. | ||
| 097 | a | Костикова Н.В. | ||
| 100 | 1_ | a | Автор | Frolov V. |
| 100 | 1_ | a | Автор | Fursaev D. V. |
| g | Прочие сведения | РИНЦ AuthorID: 34800 (http://elibrary.ru/author_profile.asp?id= 34800); SPIN-код: 8851-0726 (h http://elibrary.ru/author_items.asp?authorid=34800); ORCID ID: orcid.org/0000-0002-5693-3112; ResearcherID: O-5598-2016 (http://www.researcherid.com/rid/O-5598-2016) | ||
| i | 000089865 | |||
| q | Полное имя | Фурсаев Дмитрий Владимирович | ||
| u | Дополнение | Fursaev D. V.; Фурсаев Д. В. | ||
| c | Титул (звания) | доцент; доктор физико-математических наук | ||
| k | Ректорат | |||
| 245 | 10 | a | Заглавие | Thorny spheres and black holes with strings |
| 650 | 04 | a | Основная рубрика | физика; физика элементарных частиц |
| 773 | 18 | t | Название источника | Physical Review D - Particles, Fields, Gravitation and Cosmology |
| d | Место и дата издания | 2002 | ||
| m | Специф. данные | входит в Scopus;входит в WoS;Входит в ядро РИНЦ;зарубежный журнал;ненулевой импакт-фактор | ||
| g | Прочая информация | V. 65. - I.10. - P. 104029 | ||
| b | Сведения об издании | American Physical Society | ||
| c | USA | |||
| p | Phys. Rev. D | |||
| o | Прочие индексы | wos 4.557, scopus 3.41 | ||
| x | ISSN | 1550-7998 | ||
| w | Контрольный № источника | 79fdaa4c8350400e96ca6e8e375e61f4 | ||
| 901 | t | Тип документа | b | |
| 952 | c | Вид литературы | статья в журнале |